00454nam a2200169Ia 450000500170000000800410001702000140005804000190007204100120009108200130010310000160011624500610013226000340019330000100022765000370023785000100027420230610101844.0131103s9999 xx 000 0 und d a571108741 aLoreto College aEnglish a809bELI aEliot, T.S. aTo criticize the criticb and oher writings cT.S. Eliot aLondonbFaber and Faberc1965 a189p  aLiterature-Criticism and History aLCLIB